<?xml version="1.0" encoding="UTF-8"?>
<collection xmlns="http://www.loc.gov/MARC21/slim">
 <record>
  <leader>01655nam a2200205Ia 4500</leader>
  <controlfield tag="001">CTU_154965</controlfield>
  <controlfield tag="008">210402s9999    xx            000 0 und d</controlfield>
  <datafield tag="020" ind1=" " ind2=" ">
   <subfield code="c">42000</subfield>
  </datafield>
  <datafield tag="082" ind1=" " ind2=" ">
   <subfield code="a">658.827</subfield>
  </datafield>
  <datafield tag="082" ind1=" " ind2=" ">
   <subfield code="b">D513</subfield>
  </datafield>
  <datafield tag="100" ind1=" " ind2=" ">
   <subfield code="a">Nguyễn, Văn Dung</subfield>
  </datafield>
  <datafield tag="245" ind1=" " ind2="0">
   <subfield code="a">Xây dựng thương hiệu mạnh</subfield>
  </datafield>
  <datafield tag="245" ind1=" " ind2="0">
   <subfield code="c">Nguyễn Văn Dung</subfield>
  </datafield>
  <datafield tag="260" ind1=" " ind2=" ">
   <subfield code="a">Hà Nội</subfield>
  </datafield>
  <datafield tag="260" ind1=" " ind2=" ">
   <subfield code="b">Giao thông Vận tải</subfield>
  </datafield>
  <datafield tag="260" ind1=" " ind2=" ">
   <subfield code="c">2009</subfield>
  </datafield>
  <datafield tag="520" ind1=" " ind2=" ">
   <subfield code="a">Sách xác định các khái niệm quan trọng cốt lõi của thương hiệu: tài sản thương hiệu, giá trị thương hiệu, sự nhận biết về thương hiệu, sự trung thành thương hiệu, độ tín nhiệm thương hiệu… đặc biệt là phương pháp xây dựng thương hiệu cho các sản phẩm và dịch vụ chất lượng cao nhưng chưa có tiếng tăm trên thương trường. Với số lượng phong phú các tình huống xây dựng thương hiệu mạnh ở các tập đoàn, công ty danh tiếng trên thế giới, cuốn sách là tài liệu tham khảo cho các sinh viên ngành quản trị kinh doanh – tiếp thị, các giám đốc tiếp thị, các chuyên viên tiếp thị - thương hiệu và độc giả quan tâm tiếp cận vấn đề quan trọng cốt lõi này.</subfield>
  </datafield>
  <datafield tag="650" ind1=" " ind2=" ">
   <subfield code="a">Brand name products,Product management,Quản lý sản phẩm,Nhãn hiệu sản phẩm</subfield>
  </datafield>
  <datafield tag="904" ind1=" " ind2=" ">
   <subfield code="i">Trọng Hải</subfield>
  </datafield>
  <datafield tag="980" ind1=" " ind2=" ">
   <subfield code="a">Trung tâm Học liệu Trường Đại học Cần Thơ</subfield>
  </datafield>
 </record>
</collection>
